00373pab a2200133 454500008004000000100002200040245008000062260000900142300001500151362000800166650001300174700002100187773003100208180718b2008 xxu||||| |||| 00| 0 eng d aRichard, Clemence aA legal disgrace? The retention of deported migrants in contemporary France c2008 ap.581-603. aDec aMigrants aFischer, Nicolas aSocial Science Information